| 000 | 00771 a2200241 4500 | ||
|---|---|---|---|
| 005 | 20251210122807.0 | ||
| 008 | 251210b |||||||| |||| 00| 0 eng d | ||
| 020 | _a978-1-5095-6085-1 | ||
| 037 | _cTB | ||
| 040 |
_aCRL _cCRL |
||
| 041 |
_2eng _aeng |
||
| 084 |
_aO111:g(W64) R5 _qCRL |
||
| 100 |
_aAmlinger, Carolin & Nachtwey, Oliver _9849907 |
||
| 245 |
_aOffended freedom: _bthe rise of libertarian authoritarianism |
||
| 260 |
_bPolity Press _c2025 |
||
| 300 | _avi,328p. | ||
| 365 |
_b 26.95 _cUSD |
||
| 650 | _2Political Science | ||
| 650 | _2Liberalism | ||
| 700 |
_aNachtwey, Oliver _eAuthor _9855714 |
||
| 942 |
_cTB _2CC _n0 _hO111:g(W64) R5 |
||
| 999 |
_c1465102 _d1465102 |
||